Movies by Decade: 1980's - Statistics

General Stats
  • This quiz has been taken 133 times
  • The average score is 7 of 10
Answer Stats
Picture Hint Answer % Correct
1985 Back to the Future
97%
1989 Batman
97%
1980 Star Wars. Episode V: The Empire Strikes Back
97%
1984 The Terminator
94%
1982 First Blood
91%
1987 Robocop
84%
1983 Scarface
78%
1986 Stand by Me
66%
1981 The Evil Dead
25%
1988 They Live
22%
No matching quizzes found
Score Distribution
Percent of People with Each Score
Percentile by Number Answered
Your Score History
You have not taken this quiz